00589nam a2200181Ia 4500003000900000008004100009020002200050040001600072080001500088100001900103245014400122260003200266300001600298650002900314650003100343650001300374650002000387IN-BaIIA211028s9999 xx 000 0 eng d a978-0-241-95771-4 cIIA Library a82.08bPIN aPinker, Steven 4aThe sense of stylebthe thinking person's guide to writing in the 21st centurycSteven Pinker  aLondonbPenguin Booksc2015 aviii, 359p. aEnglish language - Style aEnglish language - Writing aRhetoric aStyle, Literary